| 000 | 02493nam0a2200385 4500 | ||
|---|---|---|---|
| 001 | RU\NLR\bibl\61211 | ||
| 005 | 20260406095010.0 | ||
| 021 |
_aRU _b99-39992 _91977 |
||
| 035 | _a(NLR Aleph) 000059716 | ||
| 090 |
_a324661 _c324661 |
||
| 100 | _a19991129d1999 u y0rusy50 ca | ||
| 101 | 0 | _arus | |
| 102 | _aRU | ||
| 105 | _aa ||||||||| | ||
| 200 | 1 |
_aАпикальные периодонтиты органоспецифические (одонтогенные) опухоли и кисты челюстных костей пародонтомы (эпулисы) _eПособие по част. патолог. анатомии для студентов III курса стоматол. фак. _fМ-во здравоохранения Рос. Федерации, С.-Петерб. гос. мед. ун-т им. акад. И.П. Павлова. Фак. патол. анатомии _g[Сост. проф. М.Г. Рыбакова и др.] |
|
| 210 |
_aСПб. _cИзд-во СПбГМУ _d1999 |
||
| 215 |
_a57 с. _cил. _d21 |
||
| 606 | 0 |
_aПериодонтиты _jРуководства, пособия и т.п. _91415984 _3RU\NLR\auth\66285588 |
|
| 606 | 0 |
_aПериодонтиты _jУчебные издания для высшей школы _91415984 _3RU\NLR\auth\66285588 |
|
| 606 | 0 |
_aЧелюсти _jРуководства, пособия и т.п. _xОпухоли _9911462 _3RU\NLR\auth\6613220 |
|
| 606 | 0 |
_aЧелюсти _jУчебные издания для высшей школы _xОпухоли _9911462 _3RU\NLR\auth\6613220 |
|
| 606 | 0 |
_aЗубная киста _jРуководства, пособия и т.п. _91141836 _3RU\NLR\auth\66454653 |
|
| 606 | 0 |
_aЗубная киста _jУчебные издания для высшей школы _91141836 _3RU\NLR\auth\66454653 |
|
| 686 | _aР661.213.011я73-1 | ||
| 686 | _aР569.481.13я73-1 | ||
| 686 | _aР665.621.057я73-1 | ||
| 702 | 1 |
_4220 _aРыбакова _bМ. Г. _cд-р мед. наук _gМаргарита Григорьевна _9138495 _3RU\NLR\AUTH\770138530 |
|
| 712 | 0 | 2 |
_4570 _aСанкт-Петербургский государственный медицинский университет им. И. П. Павлова _bКафедра патологической анатомии _9494727 _3RU\NLR\AUTH\889998664 |
| 801 | 0 |
_aRU _bNLR _c19991129 _gPSBO |
|
| 801 | 1 |
_aRU _bNLR _c19991129 |
|
| 852 |
_aNLR _j99-4/7922 |
||
| 942 | _cBOOK | ||
| 980 | _aNB | ||